Climate Change and Air Pollution Effects on Forest Ecosystems (Record no. 8226)

MARC details
000 -LEADER
fixed length control field 01377nam a2200133Ia 4500
008 - FIXED-LENGTH DATA ELEMENTS--GENERAL INFORMATION
fixed length control field 220615s9999||||xx |||||||||||||| ||und||
020 ## - INTERNATIONAL STANDARD BOOK NUMBER
International Standard Book Number 9783040000000
245 #0 - TITLE STATEMENT
Title Climate Change and Air Pollution Effects on Forest Ecosystems
546 ## - LANGUAGE NOTE
Language note English[eng]
650 ## - SUBJECT ADDED ENTRY--TOPICAL TERM
Topical term or geographic name entry element silver fir||radial growth||wood characteristics||drought response||climate change||current annual increment||percentage volume increment||basal area||tree diameter||tree form-height||air pollution||increment cores||Norway spruce||radial growth series||gas exchange||ecosystem restoration||mountain forests||photosynthesis||diagnostic assessment||forest ecosystem||reference information||restoration plan||biodiversity||forests||valuing ecosystem services||policy making||SWAT||hydrological model||sensitivity analysis||calibration||validation||small forested watershed||temperate forests||climate change effects||Southern Carpathian forest management||forest growth||forest biomass||virgin forests||ecosystem services||natural capital||socio-economic system||ecological indicators||terrestrial laser scanning||aerial laser scanning||LANDIS-II||PnET||Southern Carpathians||production||species composition||species abundance||Romanian temperate forests||n/a
700 ## - ADDED ENTRY--PERSONAL NAME
Personal name Badea, Ovidiu||De Marco, Alessandra||Sicard, Pierre||Tanase, Mihai A.
856 ## - ELECTRONIC LOCATION AND ACCESS
Uniform Resource Identifier <a href="https://mdpi.com/books/pdfview/book/4755">https://mdpi.com/books/pdfview/book/4755</a>
942 ## - ADDED ENTRY ELEMENTS (KOHA)
Koha item type E-Books
Holdings
Withdrawn status Lost status Damaged status Not for loan Home library Current library Date acquired Total Checkouts Date last seen Price effective from Koha item type
        Kerala University of Digital Sciences, Innovation and Technology Knowledge Centre Kerala University of Digital Sciences, Innovation and Technology Knowledge Centre 15/06/2022   15/06/2022 15/06/2022 E-Books